I love you : (Record no. 8016)

MARC details
000 -LEADER
fixed length control field 01022nam a22003017a 4500
001 - CONTROL NUMBER
control field 8016
003 - CONTROL NUMBER IDENTIFIER
control field FISKH
005 - DATE AND TIME OF LATEST TRANSACTION
control field 20250819085209.0
008 - FIXED-LENGTH DATA ELEMENTS--GENERAL INFORMATION
fixed length control field 250819b cb ||||| |||| 00| 0 eng d
020 ## - INTERNATIONAL STANDARD BOOK NUMBER
International Standard Book Number 0590376578
040 ## - CATALOGING SOURCE
Original cataloging agency FISKH
Language of cataloging eng
Transcribing agency FISKH
Modifying agency FISKH
050 ## - LIBRARY OF CONGRESS CALL NUMBER
Classification number PS3563.A777 I56
082 ## - DEWEY DECIMAL CLASSIFICATION NUMBER
Classification number 811.54
100 ## - MAIN ENTRY--PERSONAL NAME
Personal name Marzollo, Jean
Dates associated with a name (1942–2018)
245 ## - TITLE STATEMENT
Title I love you :
Remainder of title A rebus poem /
Statement of responsibility, etc. By Jean Marzollo ; Illustrations by Suse Mac Donald
250 ## - EDITION STATEMENT
Edition statement This edition first published in 2000
260 ## - PUBLICATION, DISTRIBUTION, ETC.
Place of publication, distribution, etc. New York :
Name of publisher, distributor, etc. Scholastic,
Date of publication, distribution, etc. 2000
300 ## - PHYSICAL DESCRIPTION
Extent 32 unnumbered pages :
Other physical details color illustrations ;
Dimensions 20 x 23 cm
505 ## - FORMATTED CONTENTS NOTE
Formatted contents note C<br/>
520 ## - SUMMARY, ETC.
Summary, etc. A poem with a rebus format, in which the speaker professes love equal to that of a bird for a tree, a flower for a bee, and a lock for a key.<br/>
521 8# - TARGET AUDIENCE NOTE
Target audience note 100<br/>
Source Lexile<br/>
521 8# - TARGET AUDIENCE NOTE
Target audience note C<br/>
Source Raz-Plus<br/>
650 ## - SUBJECT ADDED ENTRY--TOPICAL TERM
Source of heading or term Valentine's Day
Topical term or geographic name entry element Rebuses
650 ## - SUBJECT ADDED ENTRY--TOPICAL TERM
Source of heading or term Rhyming
Topical term or geographic name entry element Poetry
700 ## - ADDED ENTRY--PERSONAL NAME
Personal name Donald, Mac Suse
Dates associated with a name illustrator
942 ## - ADDED ENTRY ELEMENTS (KOHA)
Source of classification or shelving scheme Dewey Decimal Classification
Koha item type Books
Suppress in OPAC No
Holdings
Withdrawn status Lost status Source of classification or shelving scheme Damaged status Not for loan Collection Home library Current library Shelving location Date acquired Total Checkouts Full call number Barcode Date last seen Copy number Price effective from Koha item type
    Dewey Decimal Classification     Juvenile Fiction Footprints International School Library Network Toul Tom Poung Campus Footprints International School Library Network Toul Tom Poung Campus TTP Primary Green Bookshelves 08/19/2025   MAR 811.54 PS3563.A777 I56 FISTK02140 10/17/2025 1 08/19/2025 Books